| 000 | 00829cab a2200253 4500 | ||
|---|---|---|---|
| 001 | WB3430-23 | ||
| 008 | 090401t1998 xxu||||| |||| 00| 0 eng d | ||
| 035 | _a(Sirsi) u87817 | ||
| 041 | _aeng | ||
| 245 | _aRepossessions set to soar | ||
| 260 | _c1998 | ||
| 350 | _a0 | ||
| 490 |
_aSunday Times _v2 August 1998, 4.1(1) |
||
| 520 | _aLatest figures from the Council of Mortgage Lenders (CML) indicate that the number of repossessions could increase dramatically over the next two years as lenders clamp down on homeowners as soon as their properties come out of negative equity. | ||
| 650 | _aCML | ||
| 650 | _aHOUSE PRICES | ||
| 650 | _aMORTGAGE ARREARS | ||
| 650 | _aMORTGAGE LENDERS | ||
| 650 | _aNEGATIVE EQUITY | ||
| 650 | _aREPOSSESSIONS | ||
| 690 | _aHOUSING-FINANCE | ||
| 942 | _n0 | ||
| 948 | _c05/08/1998 | ||
| 999 |
_c55416 _d55416 |
||